Simio and simulation: modeling, analysis, applications

Guardat en:
Dades bibliogràfiques
Autors principals: Kelton, W. David (Autor), Smith. Jeffrey S (Autor), Sturrock, David T (Autor)
Format: Llibre
Idioma:anglès
Publicat: Filadelfia Simio LLC 2014
Edició:3a. ed
Matèries:
Etiquetes: Afegir etiqueta
Sense etiquetes, Sigues el primer a etiquetar aquest registre!

MARC

LEADER 00000cam a2200000 a 4500
001 UCD1539
003 CL-VaPUC
008 160310e20140204us |||||||||||||||||eng|d
020 |a 9781493616206 
082 0 4 |a 003.3  |b KEL  |2 21 
100 |a Kelton, W. David  |e author  |9 584640 
700 0 |a Smith. Jeffrey S  |e author  |9 222275 
700 0 |a Sturrock, David T  |e author  |9 584641 
245 1 0 |a Simio and simulation: modeling, analysis, applications 
250 |a 3a. ed 
300 |a 401 p 
942 |c BK 
945 |d 20160310 23:10:00  |a arojas 
260 |a Filadelfia  |b Simio LLC  |c 2014 
650 0 |a Simulación por computadores  |9 497334 
650 7 |a SIMULACION POR COMPUTADORES DIGITALES  |2 CL-VaPUC  |9 259422 
650 7 |a MODELOS DE SIMULACION  |2 CL-VaPUC  |9 584642 
583 |a last modification  |c 20160310 23:10:00  |k Rodrigo Vera 
999 |c 362831  |d 362829 
952 |0 0  |1 0  |3 erb  |4 0  |6 003_300000000000000_KEL_2014  |7 0  |8 A  |9 474354  |a BIBING  |b BIBING  |i 5265568  |l 1  |o 003.3 KEL 2014  |p 5265568  |q 2020-09-30  |r 2020-08-03  |s 2020-08-03  |w 2019-11-24  |y BK  |z Catalogado en:20160310  |k EII